1780 1708 1756 1783 1603 1922 1026 1209 1953 1762 1589 1565 1229 1993 1827 1877 1465 1324 1069 1633 1911 1821 1875 1756 1826 1908 1896 1262 1056 1266 1166 1490 1729 1853 1921 1470 1040 1769 1321 1742 1042 1560 1122 1062 1076 1062 1472 1875 1366 1999 1211 1118 1759 1166 1411 1226 1557 1391 1608 1859 1783 1928 1474 1455 1529 1126 1921 1993 1131 1759 1066 1997 1770 1304 1842 1062 1084 1879 1792 1398 1786 1060 1769 1385 1212 1443 1128 1903 1828 1276 1370 1294 1328 1012 1506 1441 1936 1999 1555 BCNSPRNW ULIB Ver.6.0+V

เปลี่ยนเป็นภาษาไทย

Change to English
 แสดงรายละเอียดบรรณานุกรม
  กลับหน้าหลัก

Brief Record : Get Marc (ISO 2709) : E-mail record : QR code < ปิดหน้าต่าง
LEADER : 00000nam a2200000Ia 4500
001    13399125408
003     ULIB
008    170526s2558 th a b 000 0 tha d
020    ^a9786162797101
060 04 ^aWI600^bร924
245 00 ^aโรคของไส้ตรงและทวารหนักที่พบบ่อย =^bCommon anorectal diseases /^cวรุตม์ โล่ห์สิริวัฒน์, บรรณาธิการ
246 31 ^aCommon anorectal diseases
250    ^aพิมพ์ครั้งที่ 1
260    ^aกรุงเทพฯ :^bสำนักพิมพ์ศิริราช คณะแพทยศาสตร์ศิริราชพยาบาลมหาวิทยาลัยมหิดล,^c2558
300    ^a[2], 186 หน้า :^bภาพประกอบ ;^c26 ซม.
650  4 ^aทวารหนัก, โรค
650  4 ^aลำไส้ใหญ่เรคตัม, โรค
650  4 ^aศัลยศาสตร์ลำไส้ใหญ่โคลอนและเรคตัม
653    ^aผลงานอาจารย์คณะแพทยศาสตร์ศิริราชพยาบาล
700 0  ^aวรุตม์ โล่ห์สิริวัฒน์,^eบรรณาธิการ
710 2  ^aมหาวิทยาลัยมหิดล.^bคณะแพทยศาสตร์ศิริราชพยาบาล.^bสำนักพิมพ์ศิริราช
945    ^p450^l0^i24481
945    ^p450^l0^i24482
995    ^aกัณชพร
999    ^aกัณชพร
รายการนี้ยังไม่มีแท็ก
คุณยังไม่ได้ล็อกอิน คุณสามารถมีกิจกรรมร่วมกับเว็บไซต์ได้ แต่ต้องล็อกอินก่อน ::
  ล็อกอิน

รายการสื่อสารสนเทศ

ลำดับที่ ประเภท เลขเรียก/บาร์โค้ด สถานที่ สถานะ
1. หนังสือสำรอง
หนังสือสำรอง
สถานะ=หนังสือเก่า
WI600 ร924 ฉ.1 
  Barcode: 24481
ห้องสมุดวิทยาเขตนครสวรรค์
►ส่วนจัดเก็บหนังสือเก่า นว.
บนชั้น
  ขอยืม
2. วิทยาศาสตร์การแพทย์ และสุขภาพ
วิทยาศาสตร์การแพทย์ และสุขภาพ
สถานะ=หนังสือเก่า
WI600 ร924 ฉ.2 
  Barcode: 24482
ห้องสมุดวิทยาเขตนครสวรรค์
►ส่วนจัดเก็บหนังสือเก่า นว.
บนชั้น
  ขอยืม

รายการใกล้เคียง
    หัวเรื่อง [ศัลยศาสตร์ลำไส้ใหญ่โคลอนและเรคตัม]

BibComment


ยังไม่เคยถูกคอมเมนท์

คอมเมนท์ทรัพยากรรายการนี้
  คอมเมนท์: โรคของไส้ตรงและท..


 Copyright 2026. Bcnsprnw @Library